00745nam a2200241 i 4500001001300000003000900013005001700022008004100039020001800080040002800098041001300126082003200139100004000171240005900211245004200270260002600312300002200338490002200360504001400382546004200396630003700438700002800475000000054776IT-MiSPE20250226120755.0041027s1996 xx u000 u ita c a9788826311432 aIT-MiSPEbitacIT-MiSPE aitahspa a226.3-Mc PIK xa (ppv 23360)1 aPikaza, Xabier,d1941-eautore4aut10aPara vivir el Evangelio : lectura de Marcos.lItaliano13aIl Vangelo di Marco /cXabier Pikaza. aRoma :bBorla,c1996. a464 p. ;c19,5 cm aItinerari biblici aBibliogr. aTraduzione italiana di Marco Zappella aBibliavN.T.xEvang. sec. Marcum aZappella, Marco,d1944-